header

Acute ischemic stroke (Record no. 180264)

MARC details
000 -LEADER
fixed length control field 02168nam a22003494a 4500
082 04 - DEWEY DECIMAL CLASSIFICATION NUMBER
Classification number 616.8/1
245 00 - TITLE STATEMENT
Title Acute ischemic stroke
260 ## - PUBLICATION, DISTRIBUTION, ETC. (IMPRINT)
Place of publication Hoboken, N.J. :
Name of publisher Wiley-Liss,
Year of publication c2007.
300 ## - PHYSICAL DESCRIPTION
Number of Pages x, 235 p. :
Other physical details ill., map.
505 0# - FORMATTED CONTENTS NOTE
Formatted contents note Stroke: historical perspectives and future directions / Magdy Selim -- Neuroimaging of the acute stroke patient / William A. Copen and Michael H. Lev -- Intravenous thrombolysis / Sherry H.-Y. Chou and Eric E. Smith -- Endovascular approaches to acute stroke / Raul G. Nogueira ... [et al.] -- Nonthrombolytic acute stroke therapies / Aneesh B. Singhal, Larami MacKenzie, and Joshua M. Levine -- Surgical management of acute stroke patients / Alim P. Mitha, Carlos E. Sanchez, and Christopher S. Ogilvy -- Antithrombotic therapy for acute stroke / Orla Sheehan and Peter Kelly -- Intensive care management of acute ischemic stroke / Kevin N. Sheth and David M. Greer -- Evaluation of acute stroke etiologies / Karen L. Furie ... [et al.] -- TeleStroke : application of telemedicine in acute ischemic stroke / Eric S. Rosenthal and Lee H. Schwamm.
650 #0 - SUBJECT ADDED ENTRY--TOPICAL TERM
Topical Term Cerebrovascular disease
Topical Term Cerebral ischemia
Topical Term Evidence-based medicine.
700 1# - ADDED ENTRY--PERSONAL NAME
Personal name Greer, David M.,
856 40 - ELECTRONIC LOCATION AND ACCESS
Uniform Resource Identifier http://site.ebrary.com/lib/rucke/Doc?id=10296062

No items available.

© 2026 Rongo University
Contact us: librarian | system librarian | Rongo university